000 00654nam a2200253Ia 4500
003 OSt
005 20220918163518.0
006 a|||||r|||| 00| 0
007 ta
008 220917b |||||||| |||| 00| 0 eng d
020 _a0064712516
024 _a36,657
037 _cTextual
040 _aARTS
_cARTS
_beng
041 _2eng
_aeng
082 _aO121,8:gC, 111L6
100 _aCoffey Michael
_913489
245 0 _aRoman Satire
260 _aLondon
_bMethuen UK
_c1976
300 _axvi, 289p.
_ccm.
650 _aENGLISH LITERATURE
942 _hO121,8:gC, 111L6
_cTEXL
_2CC
999 _c119890
_d119890